عرض عادي
عرض مارك
- Mamourian, Alexander C.
مدخل إسم شخص
001 - رقم الضبط
- حقل الضبط: 18733
003 - معرف رقم الضبط
- حقل الضبط: OSt
005 - تاريخ ووقت أخر عملية
- حقل الضبط: 20121226211245.0
008 - عناصر بيانات ثابتة الطول
- حقل تحكم ثابت الطول: 121226|||a|||||| | ||| d
040 ## - مصدر الفهرسة
- هيئة الفهرسة الأصلية: OSt
- وكالة الكتابة: OSt
100 ## - مدخل -- أسم شخص
- إسم شخص: Mamourian, Alexander C.
670 ## - بيانات المصدر موجوده
- الاستشهاد بالمصدر: Work cat.: (OSt)0: Mamourian, Alexander C., Practical MR physics :, 2010.
